Hexenwelten : Magie und Imagination vom 16.-20. Jahrhundert

Αποθηκεύτηκε σε:
Λεπτομέρειες βιβλιογραφικής εγγραφής
Άλλοι συγγραφείς: Duelmen, Richard van (Επιμελητής έκδοσης)
Μορφή: Βιβλίο
Γλώσσα:German
Δημοσίευση: Frankfurt : Fischer Taschenbuch, 1987
Θέματα:
Ετικέτες: Προσθήκη ετικέτας
Δεν υπάρχουν, Καταχωρήστε ετικέτα πρώτοι!

MARC

LEADER 00000nam a2200000 i 4500
001 1/83530
008 980304s1987 ger d
020 |a 3-596-24375-0 
035 |a 1997  |b 3  |c Αγορά/Φιοραβάντες  |l 10034220 
040 |a GR-MY-UA  |b gre  |e aacr 
041 0 |a ger 
082 0 |a 133.43 
245 1 0 |a Hexenwelten :  |b Magie und Imagination vom 16.-20. Jahrhundert /  |c Richard van Duelmen (Hg.) 
260 |a Frankfurt :   |b Fischer Taschenbuch,   |c 1987 
300 |a 436 p. 
650 0 0 |a Witchcraft. 
650 0 0 |a Magic. 
700 1 |a Duelmen, Richard van.  |4 edt 
852 |a INST  |b RHODES  |e 19980304  |h 133.43 HEX  |p 005400011067  |q 005400011067  |t BK  |y 0 
901 |a BIBL-1998-1 
909 |a Ρ  |b 052345  |c 1997